000 00764nam a2200229 i 4500
001 110600
003 ES-MaACL
005 20240229063318.0
007 t|
008 070206s1919 sp ||||1| spa d
080 _a821.134.2(728.1)-94"19"
080 _a929 Gómez Carrillo, Enrique
100 1 _aGómez Carrillo, Enrique,
_d1873-1927
_957861
245 1 0 _aTreinta años de mi vida
_b: el despertar del alma (fragmentos de mi memoria) /
_cpor E. Gómez Carrillo.
260 _a[Madrid :
_bLa Novela Corta,
_c1919]
300 _a[24] p. ;
_c20 cm.
490 1 _aLa novela corta ;
_v159
740 3 _aEl despertar del alma.
830 0 _aLa novela corta ;
_v159
_9182142
852 _aES-MaACL
_j2213-F-14
_bR.138622
999 _c110600
_d110600